000 00290nam a22001337a 4500
008 170927b xxu||||| |||| 00| 0 eng d
020 _a2901412968576
041 _aeng
080 _22ND
_a37
100 _a47
101 _aEDU
245 _aACTION RESEARCH
_cMERTLER,C.A
942 _2udc
_cBK
999 _c30299
_d30299